[Event "45th Olympiad 2024"]
[Site "Budapest HUN"]
[Date "2024.09.18"]
[Round "7.83"]
[White "Bongo Akanga Ndjila, Barthelemy"]
[Black "Meier, Peter"]
[Result "0-1"]
[WhiteElo "1894"]
[BlackElo "2062"]
[TimeControl "40/5400+30:1800_30\""]
[EventDate "2024.09.11"]
[Board "2"]
[WhiteFideId "10609431"]
[BlackFideId "9800158"]
[WhiteTeam "Gabon"]
[BlackTeam "Seychelles"]

1. d4 Nf6 2. c4 e6 3. Nc3 d5 4. cxd5 exd5 5. Bg5 c6 6. e3 Be7 7. Bd3 O-O 8.
Nge2 Nh5 9. Bxe7 Qxe7 10. Qc2 g6 11. h3 Ng7 12. O-O-O b5 13. g4 Na6 14. Qd2
Nb4 15. Bb1 a5 16. Ng3 f5 17. gxf5 Nxf5 18. a3 Na6 19. e4 Nxg3 20. fxg3 b4
21. axb4 axb4 22. Na4 Qc7 23. Qd3 Qa5 24. b3 dxe4 25. Qc4+ Kh8 26. Bxe4
Qg5+ 27. Kb1 Bf5 28. Qxc6 Qe3 29. Bxf5 Qxb3+ 30. Nb2 gxf5 31. Rd3 Qf7 32.
d5 Rfc8 33. Qe6 Qg7 34. Qxf5 Nc5 35. Rf3 Rf8 36. Qh5 Rxf3 37. Qxf3 Qg6+ 38.
Kc1 Nb3+ 39. Qxb3 Ra1+ 40. Kd2 Rxh1 41. Nd1 Rh2+ 42. Kc1 Qe4 43. d6 Qd4 44.
Qa4 Qd2+ 45. Kb1 Qxd6 46. Qa1+ Kg8 47. Qa8+ Kg7 48. Qa7+ Kg6 49. Qa4 Qd3+
50. Kc1 Qa3+ 51. Qxa3 bxa3 52. Kb1 Rh1 0-1

[Event "45th Olympiad 2024"]
[Site "Budapest HUN"]
[Date "2024.09.18"]
[Round "7.84"]
[White "Gontcharov, Serguei"]
[Black "Senglek, Khonsavanh"]
[Result "1-0"]
[WhiteElo "1927"]
[BlackElo "1591"]
[TimeControl "40/5400+30:1800_30\""]
[EventDate "2024.09.11"]
[Board "1"]
[WhiteFideId "8800871"]
[BlackFideId "17700167"]
[WhiteTeam "Bermuda"]
[BlackTeam "Laos"]

1. e4 Nc6 2. d4 e6 3. Nf3 g6 4. Nc3 d5 5. Be2 Nge7 6. O-O Bg7 7. e5 Nf5 8.
Bg5 Qd7 9. Qd2 O-O 10. g4 Nfe7 11. Bf6 a6 12. Qg5 Re8 13. Bxg7 Kxg7 14.
Qf6+ Kf8 15. Ng5 Nd8 16. Nxh7+ Kg8 17. Qh4 1-0

[Event "45th Olympiad 2024"]
[Site "Budapest HUN"]
[Date "2024.09.18"]
[Round "7.85"]
[White "Tchouka, Yakini"]
[Black "Kim, Sanker"]
[Result "1-0"]
[WhiteElo "1932"]
[BlackElo "1564"]
[TimeControl "40/5400+30:1800_30\""]
[EventDate "2024.09.11"]
[Board "1"]
[WhiteFideId "21201382"]
[BlackFideId "15800237"]
[WhiteTeam "Togo"]
[BlackTeam "Cambodia"]

1. e4 Nc6 2. d4 e5 3. d5 Nce7 4. g3 Ng6 5. Bg2 Bc5 6. Nc3 d6 7. Na4 Bb6 8.
Ne2 Nf6 9. h4 h5 10. Bg5 Nf8 11. f3 N8h7 12. Nxb6 axb6 13. Qd2 Nxg5 14.
hxg5 Nd7 15. f4 f6 16. g6 f5 17. exf5 Nf6 18. fxe5 dxe5 19. Qg5 Ng4 20.
Qxg4 hxg4 21. Rxh8+ Ke7 22. f6+ gxf6 23. Rxd8 Kxd8 24. g7 Be6 25. dxe6 Ke7
26. O-O-O c6 27. Be4 Rg8 28. Rd7+ Kxe6 29. Bh7 Rb8 30. Rd1 Kf7 31. Rd7+ Ke6
32. Rxb7 1-0

[Event "45th Olympiad 2024"]
[Site "Budapest HUN"]
[Date "2024.09.18"]
[Round "7.86"]
[White "Roberts, Gennard"]
[Black "Tan, Santiago Jr"]
[Result "1-0"]
[WhiteElo "1582"]
[BlackElo "1903"]
[TimeControl "40/5400+30:1800_30\""]
[EventDate "2024.09.11"]
[Board "2"]
[WhiteFideId "23800330"]
[BlackFideId "16601661"]
[WhiteTeam "Grenada"]
[BlackTeam "Palau"]

1. e4 c6 2. d4 d5 3. exd5 cxd5 4. c4 Nf6 5. Nc3 Nc6 6. Nf3 a6 7. h3 h6 8.
a3 dxc4 9. Bxc4 e6 10. O-O Be7 11. Re1 O-O 12. d5 exd5 13. Nxd5 Nxd5 14.
Bxd5 Bf6 15. Ra2 Bf5 16. b4 Qc7 17. Be4 Be6 18. Rae2 Bc4 19. Re3 b5 20. Qc2
Rad8 21. Bb2 Nd4 22. Nxd4 Bxd4 23. Bxd4 Rxd4 24. Bf3 Qb6 25. Qc3 Be6 26.
Qc6 Rd6 27. Qe4 Rfd8 28. Qh4 a5 29. Rb1 Rd4 30. Qe7 a4 31. Rc1 Bc4 32. Rce1
Rd2 33. Qh4 Be6 34. Rc1 Qd6 35. Qh5 Bc4 36. Rce1 Qf6 37. Qc5 Qd6 38. Re8+
Kh7 39. Rxd8 Qxd8 40. Qf5+ g6 41. Qf4 Qd4 42. Qxd4 Rxd4 43. Rd1 Rxd1+ 44.
Bxd1 Kg7 45. f4 g5 46. Kf2 Kf6 47. Ke3 Ke6 48. fxg5 hxg5 49. Kd4 Kd6 50.
Bg4 Ba2 51. Bf5 Bd5 52. g3 Bg2 53. h4 gxh4 54. gxh4 Bf3 55. Bd3 Bc6 56. h5
Ke7 57. Ke5 Bd7 58. h6 f6+ 59. Kd5 Kf7 60. Kd6 Be8 61. Bf5 Kf8 62. Ke6 Kg8
63. Kxf6 Kh8 64. Ke5 Bf7 65. Kd4 1-0

[Event "45th Olympiad 2024"]
[Site "Budapest HUN"]
[Date "2024.09.18"]
[Round "7.87"]
[White "Hemam, Moulaye Brahim"]
[Black "Kudakwashe, Chinake"]
[Result "1-0"]
[WhiteElo "1977"]
[BlackElo "1859"]
[TimeControl "40/5400+30:1800_30\""]
[EventDate "2024.09.11"]
[Board "1"]
[WhiteFideId "19600054"]
[BlackFideId "33100179"]
[WhiteTeam "Mauritania"]
[BlackTeam "Cayman Islands"]

1. e4 c6 2. c4 d5 3. cxd5 cxd5 4. exd5 Qxd5 5. Nc3 Qe5+ 6. Be2 Nf6 7. Nf3
Qd6 8. d4 a6 9. O-O e6 10. Qc2 Nc6 11. Rd1 Be7 12. Bg5 Nb4 13. Qb3 O-O 14.
Ne5 b5 15. Bxf6 gxf6 16. Ne4 Qd8 17. Nxf6+ Bxf6 18. Qxb4 Bb7 19. Rd3 Be7
20. Rg3+ Kh8 21. Qd2 Bf6 22. Qh6 Be4 23. Rd1 Qe7 24. Nd7 Bg6 25. Nxf8 Rxf8
26. Bd3 Bxd4 27. Bxg6 Bxf2+ 28. Kxf2 fxg6+ 29. Rf3 Rc8 30. Qd2 e5 31. Qd6
Rc2+ 32. Kg1 Qxd6 33. Rxd6 Kg7 34. g4 Rxb2 35. g5 Rxa2 36. Rd7+ Kg8 37.
Rdf7 Ra1+ 38. Kf2 1-0

[Event "45th Olympiad 2024"]
[Site "Budapest HUN"]
[Date "2024.09.18"]
[Round "7.87"]
[White "Young, Christopher"]
[Black "Abdellahi, Khaled Abdellahi"]
[Result "1/2-1/2"]
[WhiteElo "1758"]
[BlackElo "1894"]
[TimeControl "40/5400+30:1800_30\""]
[EventDate "2024.09.11"]
[Board "2"]
[WhiteFideId "33100039"]
[BlackFideId "19604416"]
[WhiteTeam "Cayman Islands"]
[BlackTeam "Mauritania"]

1. d4 d5 2. c4 c6 3. Nf3 Nf6 4. Nc3 e6 5. e3 Nbd7 6. Qc2 Be7 7. Bd3 dxc4 8.
Bxc4 b5 9. Bd3 Bb7 10. O-O a6 11. e4 c5 12. e5 Nd5 13. Nxd5 Bxd5 14. Be4
Bxe4 15. Qxe4 O-O 16. Be3 c4 17. d5 exd5 18. Qxd5 Nc5 19. Rfd1 Qxd5 20.
Rxd5 Nd3 21. b3 Rfd8 22. bxc4 bxc4 23. Rxd8+ Rxd8 24. Kf1 c3 25. a4 Bc5 26.
Bxc5 Nxc5 27. Ne1 Rd4 28. Ke2 h6 29. Nf3 Rc4 30. Ne1 Nb3 31. Rb1 c2 32.
Nxc2 Rxc2+ 33. Kd3 Rxf2 34. Rxb3 Rxg2 35. Rb8+ Kh7 36. Ra8 Rxh2 37. Rxa6
Ra2 38. Ke4 h5 39. Ra7 h4 40. Rxf7 h3 41. Rf1 Rxa4+ 42. Kd5 g5 43. e6 Ra2
44. Re1 Ra5+ 45. Ke4 Kg6 46. Kf3 Ra3+ 47. Kf2 Ra8 48. Kg3 Re8 49. Kxh3
1/2-1/2

[Event "45th Olympiad 2024"]
[Site "Budapest HUN"]
[Date "2024.09.18"]
[Round "7.87"]
[White "Cheikhna, Mohamed Lemine"]
[Black "Shaw, Clifford"]
[Result "0-1"]
[WhiteElo "1884"]
[BlackElo "1744"]
[TimeControl "40/5400+30:1800_30\""]
[EventDate "2024.09.11"]
[Board "3"]
[WhiteFideId "19600151"]
[BlackFideId "33100101"]
[WhiteTeam "Mauritania"]
[BlackTeam "Cayman Islands"]

1. e4 e6 2. d4 d5 3. exd5 exd5 4. Bd3 Nc6 5. c3 Bd6 6. Qf3 Be6 7. Ne2 Qd7
8. Bf4 Nf6 9. h3 O-O-O 10. O-O Rde8 11. Bxd6 Qxd6 12. Nd2 Kb8 13. a4 Nd7
14. Qg3 Qe7 15. a5 g5 16. b4 h5 17. b5 Nd8 18. Rfb1 b6 19. axb6 Nxb6 20.
Ra2 h4 21. Qe3 g4 22. hxg4 Qd7 23. Nb3 Bxg4 24. Qc1 Qd6 25. Nc5 a5 26. Nf4
h3 27. Bf1 hxg2 28. Nxg2 Qh2# 0-1

[Event "45th Olympiad 2024"]
[Site "Budapest HUN"]
[Date "2024.09.18"]
[Round "7.87"]
[White "Tracey, Shaun M"]
[Black "Abdou, Ahmed Alem"]
[Result "0-1"]
[WhiteElo "1684"]
[BlackElo "1897"]
[TimeControl "40/5400+30:1800_30\""]
[EventDate "2024.09.11"]
[Board "4"]
[WhiteFideId "419052"]
[BlackFideId "19603720"]
[WhiteTeam "Cayman Islands"]
[BlackTeam "Mauritania"]

1. e4 c6 2. d4 d5 3. f3 g6 4. Nc3 Bg7 5. Be3 Nf6 6. e5 Ng8 7. f4 Nh6 8. h3
Nf5 9. Bf2 h5 10. Qd2 b6 11. Nf3 Ba6 12. O-O-O h4 13. e6 fxe6 14. Ng5 Qd6
15. Re1 Bc8 16. Bd3 Bf6 17. Rhf1 Bxg5 18. fxg5 Ba6 19. Be3 Bxd3 20. Qxd3
O-O 21. Bf4 Qd7 22. Be5 c5 23. Ne2 Nc6 24. Nf4 c4 25. Qd1 Kh7 26. Rf3 Ng3
27. c3 Ne4 28. Qc2 Rf5 29. Ref1 Raf8 30. Qd1 Nxe5 31. dxe5 Nxg5 32. R3f2
Qc7 33. Qg4 Qxe5 34. Qxh4+ Kg7 35. Re2 Rxf4 36. Rxe5 Rxh4 37. Rxf8 Kxf8 38.
Rxg5 Kf7 39. Kd2 Rf4 40. Ke2 Kf6 41. Rg3 Kf5 42. Ke3 e5 43. Ke2 a5 44. Ke1
d4 45. cxd4 exd4 46. Ke2 e5 47. Ke1 e4 48. Ra3 e3 49. Ra4 d3 50. g3 Rd4 0-1

[Event "45th Olympiad 2024"]
[Site "Budapest HUN"]
[Date "2024.09.18"]
[Round "7.88"]
[White "Kamara, Ansumana"]
[Black "Enemchukwu, Chinedu Benjamin"]
[Result "1-0"]
[WhiteElo "1876"]
[BlackElo "2001"]
[TimeControl "40/5400+30:1800_30\""]
[EventDate "2024.09.11"]
[Board "1"]
[WhiteFideId "1622218"]
[BlackFideId "8504652"]
[WhiteTeam "Sierra Leone"]
[BlackTeam "Saint Vincent and the Grenadines"]

1. e4 d5 2. exd5 Nf6 3. c4 e6 4. dxe6 Bxe6 5. Nf3 Nc6 6. Be2 Bc5 7. O-O Qd7
8. a3 a5 9. Nc3 O-O 10. d3 Rad8 11. Qb3 b6 12. Bg5 Be7 13. Nb5 Bg4 14. Rad1
h6 15. Bf4 Rc8 16. d4 Nh5 17. Be3 Nf6 18. d5 Nb8 19. Ne5 Qf5 20. Nxg4 Nxg4
21. Bxg4 Qxg4 22. h3 Qf5 23. d6 cxd6 24. Nxd6 Bxd6 25. Rxd6 Qe4 26. Rc1 Nc6
27. Qxb6 Rfe8 28. Qb7 Red8 29. Rcd1 Qe8 30. c5 Ne5 31. Qd5 Rxd6 32. cxd6
Nd7 33. Qxa5 Qe6 34. Qd5 Qe8 35. b4 Ra8 36. Qb3 Qd8 37. b5 Qa5 38. b6 Rb8
39. Rb1 Qe5 40. Qb4 Rb7 41. a4 f5 42. a5 Nb8 43. Qc4+ Kh7 44. a6 Nxa6 45.
Qxa6 Qe4 46. Qb5 g5 47. d7 f4 48. Bxf4 Qxf4 49. d8=Q Rf7 50. Qbd3+ Kg7 51.
Q3d4+ 1-0

[Event "45th Olympiad 2024"]
[Site "Budapest HUN"]
[Date "2024.09.18"]
[Round "7.88"]
[White "Cottle, Brian S"]
[Black "Winston Gerald, Mansfield Thomas"]
[Result "1-0"]
[WhiteElo "1804"]
[BlackElo "1950"]
[TimeControl "40/5400+30:1800_30\""]
[EventDate "2024.09.11"]
[Board "2"]
[WhiteFideId "36100072"]
[BlackFideId "17800048"]
[WhiteTeam "Saint Vincent and the Grenadines"]
[BlackTeam "Sierra Leone"]

1. c4 Nf6 2. Nc3 d6 3. g3 c6 4. Bg2 e5 5. e3 Bf5 6. d4 Qc7 7. Nge2 Nbd7 8.
b3 Be7 9. Bb2 O-O 10. O-O Rfe8 11. Rc1 Bg6 12. b4 Nb6 13. Qb3 Bd3 14. c5
dxc5 15. bxc5 Nbd7 16. Rfd1 Ba6 17. Rd2 Bf8 18. a4 Rad8 19. Rcc2 Qa5 20.
Ba3 g6 21. h3 exd4 22. exd4 Bh6 23. f4 Re3 24. Bb4 Qc7 25. Qb2 Bd3 26. Nd1
Bxc2 27. Nxe3 Bxa4 28. Qa2 b5 29. cxb6 Nxb6 30. Nc3 Bb5 31. d5 a6 32. Ba5
cxd5 33. Ncxd5 Nfxd5 34. Bxd5 Qc1+ 35. Kh2 Rxd5 36. Nxd5 Nxd5 37. Qxd5 Bc6
38. Rd1 Qc2+ 39. Rd2 1-0

[Event "45th Olympiad 2024"]
[Site "Budapest HUN"]
[Date "2024.09.18"]
[Round "7.88"]
[White "Adeshole Beckley, Brian"]
[Black "Schneider, James U"]
[Result "1-0"]
[WhiteElo "1814"]
[BlackElo "1486"]
[TimeControl "40/5400+30:1800_30\""]
[EventDate "2024.09.11"]
[Board "3"]
[WhiteFideId "17800013"]
[BlackFideId "36100102"]
[WhiteTeam "Sierra Leone"]
[BlackTeam "Saint Vincent and the Grenadines"]

1. d4 Nf6 2. c4 e6 3. Nf3 d5 4. Nc3 Bb4 5. Bg5 O-O 6. e3 b6 7. cxd5 exd5 8.
Bd3 Bb7 9. O-O Be7 10. Qc2 h6 11. Bf4 Nbd7 12. Nb5 c6 13. Nd6 Bxd6 14. Bxd6
Re8 15. h3 Rc8 16. Rac1 Ne4 17. Bh2 c5 18. Qa4 c4 19. Bb1 a5 20. Bxe4 Bc6
21. Bh7+ Kxh7 22. Qc2+ Kg8 23. Qf5 Qf6 24. Qxf6 Nxf6 25. Ne5 Bb5 26. Rfe1
Nd7 27. Rc3 Nxe5 28. Bxe5 f6 29. Bh2 Ba6 30. a4 b5 31. axb5 Bxb5 32. Bd6
Ra8 33. g4 Re6 34. Bc5 Rae8 35. f3 Bc6 36. b3 Kf7 37. bxc4 dxc4 38. e4 g6
39. Ra1 Ba8 40. Rxa5 f5 41. Ra7+ Kg8 42. d5 Rf6 43. Bd4 Rf7 44. Rxc4 fxe4
45. fxe4 Rd8 46. Rxf7 Kxf7 47. Rc7+ Ke8 48. Rh7 Bxd5 49. Rh8+ Kd7 50. Rxd8+
Kxd8 51. exd5 h5 52. g5 Kd7 53. Be5 Ke7 54. Kf2 Kd7 55. Ke3 Ke7 56. Kd4 Kd7
57. Kc5 Ke7 58. Kc6 Kd8 59. d6 h4 60. Bf6+ 1-0

[Event "45th Olympiad 2024"]
[Site "Budapest HUN"]
[Date "2024.09.18"]
[Round "7.89"]
[White "Bhakta, Bahadur Monger"]
[Black "Kabamwanishi, Mashala"]
[Result "0-1"]
[WhiteElo "1911"]
[BlackElo "1914"]
[TimeControl "40/5400+30:1800_30\""]
[EventDate "2024.09.11"]
[Board "1"]
[WhiteFideId "17500737"]
[BlackFideId "21400059"]
[WhiteTeam "Bhutan"]
[BlackTeam "Democratic Republic of the Congo"]

1. d4 Nf6 2. Nf3 d5 3. Bf4 c5 4. e3 Nc6 5. dxc5 e6 6. Nbd2 Bxc5 7. c3 O-O
8. Bd3 Re8 9. Ne5 Qb6 10. b4 Nxe5 11. Bxe5 Be7 12. Qf3 Nd7 13. Qh3 g6 14.
Bd4 Qc7 15. f4 e5 16. g4 exd4 17. f5 Qxc3 18. fxg6 hxg6 19. Bxg6 fxg6 20.
Qh6 Qxe3+ 21. Qxe3 dxe3 22. Nf3 Bxb4+ 23. Ke2 Ne5 0-1

[Event "45th Olympiad 2024"]
[Site "Budapest HUN"]
[Date "2024.09.18"]
[Round "7.89"]
[White "Suk, Raj Monger"]
[Black "Kasongo, Kazadi Olivier"]
[Result "1-0"]
[WhiteElo "1821"]
[BlackElo "1794"]
[TimeControl "40/5400+30:1800_30\""]
[EventDate "2024.09.11"]
[Board "3"]
[WhiteFideId "17500680"]
[BlackFideId "21400890"]
[WhiteTeam "Bhutan"]
[BlackTeam "Democratic Republic of the Congo"]

1. e4 e5 2. Nf3 Nc6 3. Bc4 h6 4. d4 exd4 5. Nxd4 Qf6 6. Be3 Qg6 7. O-O Ne5
8. Bb3 c6 9. Bf4 Ng4 10. Nf5 Bc5 11. Qf3 N8f6 12. h3 h5 13. Bd6 Bxd6 14.
Nxd6+ Ke7 15. Nxc8+ Raxc8 16. hxg4 hxg4 17. Qg3 Qh6 18. f3 gxf3 19. Qxf3
Qh4 20. Nc3 Ng4 21. Qh3 Qg5 22. Rxf7+ Kd6 23. Qg3+ Kc5 24. Rf5+ Qxf5 25.
exf5 Nh2 26. Na4+ Kd4 27. Re1 1-0

[Event "45th Olympiad 2024"]
[Site "Budapest HUN"]
[Date "2024.09.18"]
[Round "7.90"]
[White "Misambo, .J. Kilasa"]
[Black "Christopher, Art"]
[Result "1-0"]
[WhiteElo "1959"]
[BlackElo "1779"]
[TimeControl "40/5400+30:1800_30\""]
[EventDate "2024.09.11"]
[Board "1"]
[WhiteFideId "21601631"]
[BlackFideId "2700085"]
[WhiteTeam "Tanzania"]
[BlackTeam "British Virgin Islands"]

1. c4 e6 2. g3 Nf6 3. Bg2 c6 4. Nf3 d5 5. b3 Be7 6. Bb2 O-O 7. O-O Nbd7 8.
d3 Qc7 9. Nbd2 e5 10. cxd5 Nxd5 11. Nc4 f6 12. e4 Nb4 13. d4 Rd8 14. Qe2
exd4 15. Bxd4 Bc5 16. a3 Na6 17. Bb2 Nf8 18. Rad1 Re8 19. b4 Nxb4 20. axb4
Bxb4 21. Qc2 a5 22. e5 b5 23. Nd6 Bxd6 24. exd6 Qf7 25. Qxc6 Bd7 26. Qd5
Qxd5 27. Rxd5 a4 28. Nd4 Rab8 29. Rc5 b4 30. Bd5+ Kh8 31. Bc6 a3 32. Bxd7
Nxd7 33. Rc7 Nf8 34. Nc6 axb2 35. Nxb8 Rxb8 36. d7 Ne6 37. Rc8+ 1-0

[Event "45th Olympiad 2024"]
[Site "Budapest HUN"]
[Date "2024.09.18"]
[Round "7.90"]
[White "Potter, Simon"]
[Black "Veer, Gandhi"]
[Result "0-1"]
[WhiteElo "1663"]
[BlackElo "1792"]
[TimeControl "40/5400+30:1800_30\""]
[EventDate "2024.09.11"]
[Board "2"]
[WhiteFideId "2700115"]
[BlackFideId "21600155"]
[WhiteTeam "British Virgin Islands"]
[BlackTeam "Tanzania"]

1. e4 c6 2. d4 d5 3. e5 Bf5 4. Nf3 e6 5. Bg5 Qb6 6. b3 Nd7 7. c3 c5 8. Nbd2
cxd4 9. cxd4 Ba3 10. Be2 Bb2 11. O-O h6 12. Bh4 Ne7 13. Bxe7 Kxe7 14. Nh4
Bh7 15. Nhf3 Rhc8 16. Re1 Bc2 17. Nc4 Rxc4 18. bxc4 Bxd1 19. Raxd1 Bc3 20.
Rf1 Qa5 21. cxd5 Qxd5 22. Rc1 Ba5 23. Bc4 Qe4 24. Bb3 g5 25. Rfd1 Qf4 26.
h3 g4 27. hxg4 Qxg4 28. Nh2 Qf4 29. Bc2 Nb6 30. Bh7 Nd5 31. Nf1 Nc3 32. Re1
Ne2+ 33. Rxe2 Qxc1 34. Be4 Rd8 35. Bxb7 Rxd4 36. Bf3 Qxf1+ 37. Kxf1 Rd1+
38. Re1 Rxe1# 0-1

[Event "45th Olympiad 2024"]
[Site "Budapest HUN"]
[Date "2024.09.18"]
[Round "7.90"]
[White "Lusako, Shedrack"]
[Black "Samuel, Jhon"]
[Result "1-0"]
[WhiteElo "1760"]
[BlackElo "1545"]
[TimeControl "40/5400+30:1800_30\""]
[EventDate "2024.09.11"]
[Board "3"]
[WhiteFideId "21600538"]
[BlackFideId "2700069"]
[WhiteTeam "Tanzania"]
[BlackTeam "British Virgin Islands"]

1. e4 c5 2. f4 Nc6 3. Nf3 d6 4. Bc4 Na5 5. Bb5+ Bd7 6. Bxd7+ Qxd7 7. d4
cxd4 8. Nxd4 Nf6 9. Nc3 e5 10. Nf3 Nc6 11. O-O Be7 12. fxe5 Nxe5 13. Nxe5
dxe5 14. Qxd7+ Nxd7 15. Nd5 Rc8 16. Nxe7 Kxe7 17. c3 Rhd8 18. Be3 b6 19.
Kf2 Nc5 20. Bxc5+ Rxc5 21. Rad1 Rcc8 22. Ke3 Rxd1 23. Rxd1 Rd8 24. Rxd8
Kxd8 25. Kd3 Kc7 26. Kc4 Kc6 27. g4 h6 28. a4 a6 29. h3 f6 30. h4 Kd6 31.
h5 Kc6 32. Kb4 Kd6 33. c4 Kc6 34. a5 bxa5+ 35. Kxa5 Kc5 36. b3 Kd4 37. Kxa6
Kxe4 38. c5 Kd5 39. Kb6 e4 40. c6 e3 41. c7 e2 42. c8=Q e1=Q 43. Qd7+ Ke4
44. Qe6+ 1-0

[Event "45th Olympiad 2024"]
[Site "Budapest HUN"]
[Date "2024.09.18"]
[Round "7.91"]
[White "Yacouba, Souley Moussa"]
[Black "Moncur, Cecil"]
[Result "0-1"]
[WhiteElo "1645"]
[BlackElo "1839"]
[TimeControl "40/5400+30:1800_30\""]
[EventDate "2024.09.11"]
[Board "1"]
[WhiteFideId "29400120"]
[BlackFideId "10400583"]
[WhiteTeam "Niger"]
[BlackTeam "Bahamas"]

1. d4 g6 2. c4 Bg7 3. e4 Nc6 4. Nf3 e5 5. d5 Nd4 6. Be3 c5 7. Bg5 f6 8. Be3
d6 9. Bd3 Ne7 10. h3 Bd7 11. Nbd2 a6 12. a4 b6 13. Nb3 O-O 14. Nbxd4 cxd4
15. Bd2 a5 16. O-O h6 17. Qc1 Kh7 18. b3 Rc8 19. Qa3 Be8 20. b4 f5 21. exf5
gxf5 22. Be2 e4 23. Nxd4 Bxd4 24. Ra2 Ng6 25. Bc3 Bxc3 26. Qxc3 Qf6 27. Qe3
Qd8 28. b5 Rc5 29. Ra3 Ne5 30. Rc1 Rg8 31. Qf4 Qg5 32. Qxg5 Rxg5 33. f4
exf3 34. Bxf3 Nxc4 35. Rac3 Ne5 36. Kf2 Nd3+ 37. Rxd3 Rxc1 38. Re3 Rc2+ 39.
Ke1 Bd7 40. Kd1 Rc5 41. Re7+ Rg7 42. Re3 Kg6 43. Kd2 Kf6 44. Ra3 Re7 45.
Ra1 Be8 46. Ra3 Bf7 47. Rd3 Re5 48. Rc3 Bxd5 49. Rxc5 dxc5 50. Bxd5 Rxd5+
51. Kc3 Ke5 52. Kc4 Rd4+ 53. Kb3 Kf4 54. Ka3 Kg3 0-1